000 00700nam a2200289Ia 4500
005 20260324141637.0
008 008 260324s9999 xx 000 0 eng d
020 _a9781315811574
037 _aEBOOK
040 _aCRL
040 _beng
040 _cCRL
041 _2eng
041 _aeng
084 _qCRL
100 _aJohn P. Muller
_91208957
245 0 _aBeyond the Psychoanalytic Dyad
245 0 _bDevelopmental Semiotics in Freud, Peirce and Lacan
260 _bTaylor and Francis
260 _c1996
365 _a
365 _b195
856 _uhttp://www.taylorfrancis.com/books/9781315811574
942 _cEBOOK
999 _c1812279
_d1812279